Milwaukee Bucks Award Winners - Statistics

General Stats
  • This quiz has been taken 32 times
    9 since last reset
  • The average score is 42 of 54
Answer Stats
Award Year(s) Player % Correct
MVP 2019, 2020 Giannis Antetokounmpo
100%
Finals MVP 2021 Giannis Antetokounmpo
100%
All-NBA First Team 2019-2023 Giannis Antetokounmpo
100%
All-NBA Second Team 2017, 2018 Giannis Antetokounmpo
100%
Defensive Player of the Year 2020 Giannis Antetokounmpo
100%
All-Defensive First Team 2019-2022 Giannis Antetokounmpo
100%
All-Defensive Second Team 2017 Giannis Antetokounmpo
100%
All-Rookie Second Team 2014 Giannis Antetokounmpo
100%
MVP 1971, 1972, 1974 Kareem Abdul-Jabbar
100%
Finals MVP 1971 Kareem Abdul-Jabbar
100%
All-NBA First Team 1971-1974 Kareem Abdul-Jabbar
100%
All-NBA Second Team 1970 Kareem Abdul-Jabbar
100%
All-Defensive First Team 1974, 1975 Kareem Abdul-Jabbar
100%
All-Defensive Second Team 1970, 1971 Kareem Abdul-Jabbar
100%
Rookie of the Year 1970 Kareem Abdul-Jabbar
100%
All-Rookie First Team 1970 Kareem Abdul-Jabbar
100%
All-NBA Third Team 2001 Ray Allen
100%
All-Rookie Second Team 1997 Ray Allen
100%
All-Defensive First Team 1991 Alvin Robertson
89%
All-Defensive Second Team 1990 Alvin Robertson
89%
All-Defensive First Team 2023 Brook Lopez
89%
All-Defensive Second Team 2020 Brook Lopez
89%
Most Improved Player 2017 Giannis Antetokounmpo
89%
All-NBA Second Team 1971 Oscar Robertson
89%
All-Defensive Second Team 1970 Oscar Robertson
89%
All-Rookie First Team 2010 Brandon Jennings
78%
All-Defensive First Team 2021, 2023 Jrue Holiday
78%
All-Defensive Second Team 2022 Jrue Holiday
78%
Rookie of the Year 2017 Malcolm Brogdon
78%
All-Rookie First Team 2017 Malcolm Brogdon
78%
All-NBA First Team 1983 Sidney Moncrief
78%
All-NBA Second Team 1982, 1984-1986 Sidney Moncrief
78%
Defensive Player of the Year 1983, 1984 Sidney Moncrief
78%
All-Defensive First Team 1983-1986 Sidney Moncrief
78%
All-Defensive Second Team 1982 Sidney Moncrief
78%
All-NBA Third Team 2010 Andrew Bogut
67%
All-Rookie First Team 2006 Andrew Bogut
67%
All-Rookie First Team 1995 Glenn Robinson
67%
Sixth Man of the Year 1987, 1990 Rickey Pierce
67%
All-NBA Second Team 1985 Terry Cummings
67%
All-NBA Third Team 1989 Terry Cummings
67%
All-Defensive First Team 2019 Eric Bledsoe
56%
All-Defensive Second Team 2020 Eric Bledsoe
56%
All-NBA First Team 1979 Marques Johnson
56%
All-NBA Second Team 1980-1981 Marques Johnson
56%
All-Rookie First Team 1978 Marques Johnson
56%
All-NBA Third Team 2004 Michael Redd
56%
All-Defensive First Team 1985, 1986 Paul Pressey
56%
All-Defensive Second Team 1987 Paul Pressey
56%
All-Rookie First Team 1970 Bob Dandridge
44%
All-NBA Third Team 1997 Vin Baker
44%
All-Rookie First Team 1994 Vin Baker
44%
All-Rookie Second Team 2004 T.J. Ford
33%
All-Defensive Second Team 1978, 1980-1982 Quinn Buckner
22%
No matching quizzes found
Score Distribution
Percent of People with Each Score
Percentile by Number Answered
Your Score History
You have not taken this quiz since the last reset